| 000 | 00515nam a2200205Ia 4500 | ||
|---|---|---|---|
| 999 |
_c50421 _d50421 |
||
| 001 | 17365 | ||
| 003 | GE_BSU | ||
| 005 | 20200220112114.0 | ||
| 008 | 181216s2009||||enk|||||||||||||| ||eng|| | ||
| 020 | _a9780072992786 | ||
| 040 | _cGE_BSU | ||
| 041 | _aeng | ||
| 080 | _a575 B-87 | ||
| 100 |
_aBrooker, J. Robert _97199 |
||
| 245 |
_aGenetics : _bAnalysis & Principles / _cRobert J. Brooker. |
||
| 264 |
_aBoston, _c2009. |
||
| 300 |
_a380 p. _b30 cm. |
||
| 653 | _aგენეტიკა | ||
| 942 |
_cBK _2udc |
||